000 01254nam a22004097a 4500
001 BR2023000975
003 BR-BrBNA
005 20230823112032.0
008 230823b bl.||||| |||| 00| 0 por d
020 _a85-7333-237-9
040 _aBR-BrBNA
_bpor
_cBiblioteca Nacional de Agricultura
041 _apor
072 _aF01 ; Q02
_b2120
090 _a2120 BR2023000975
100 _aRelvas, Eliana
100 _aPinto, Mônica da Costa
100 _aMonteiro, Christianne da Rocha
110 _aServiço Brasileiro de Apoio às Micro e Pequenas Empresas, Brasília, DF (Brazil)
110 _aAssociação Brasileira da Indústria de Café, Rio de Janeiro, RJ (Brazil)
245 _aArte e segredos do bom café: café básico
_bSérie Agronegócios; Coleção Café
260 _aBrasília, DF (Brazil)
_c1997
300 _a40 p.
500 _a5 ref.; 39 illus.; 8 tables
650 _aCAFÉ
650 _aCAFEICULTURA
650 _aHISTÓRIA
650 _aESPÉCIE
650 _aLAVOURA
650 _aCLASSIFICAÇÃO DE PRODUTO
650 _aMOAGEM
650 _aTORREFAÇÃO
650 _aSECAGEM
650 _aHIGIENE DE ALIMENTO
650 _aCONTROLE DE QUALIDADE
909 _a202308
_bFernando
942 _cBK
999 _c9852
_d9852